[Event "AUTO-OPEN-1399"]
[Site "http://www.queenalice.com/game.php?id=521196"]
[Date "2009.1.12"]
[Round "1"]
[White "Zurc"]
[Black "overhoulin"]
[Result "0-1"]
[WhiteElo "1674"]
[BlackElo "2062"]

1. e4 e6 2. Nf3 c6 3. e5 Qc7 4. Nc3 d6 5. Bc4 Nd7 6. O-O Nxe5 7. Nxe5 dxe5 8. d4
exd4 9. Qxd4 h6 10. Rd1 Nf6 11. Bf4 Qb6 12. Nb5 Qxd4 13. Nc7+ Ke7 14. Nxa8 Qxf4
15. Be2 Qb8 16. Rd2 Qxa8 17. Re1 Ke8 18. g3 b5 19. Red1 Be7 20. Bf3 Nd5 21. a3
Bb7 0-1

[Event "AUTO-OPEN-1399"]
[Site "http://www.queenalice.com/game.php?id=521213"]
[Date "2009.1.12"]
[Round "1"]
[White "koshnarek"]
[Black "Zurc"]
[Result "0-1"]
[WhiteElo "1608"]
[BlackElo "1685"]

1. e4 e5 2. Qf3 Nc6 3. Bc4 Nf6 4. Nc3 Bc5 5. Nd5 Nd4 6. Qd3 O-O 7. Nxf6+ Qxf6 8.
Nf3 c6 9. Nxd4 Bxd4 10. O-O Rd8 11. c3 Bb6 12. Qg3 d5 13. exd5 cxd5 14. Bb5 h6
15. b4 a5 16. a4 axb4 17. cxb4 e4 18. Ra2 Bd4 19. d3 Be5 20. Qe3 Be6 21. d4 Bxd4
22. Qe2 Bc3 23. Bd2 d4 24. Qxe4 Bxa2 25. Bxc3 dxc3 26. Qf3 Qxf3 27. gxf3 c2 28.
Be2 Rd2 29. Bd1 Rxd1 30. Rxd1 cxd1=Q+ 31. Kg2 Bd5 32. a5 Qxf3+ 33. Kf1 Qd1# 0-1

[Event "AUTO-OPEN-1399"]
[Site "http://www.queenalice.com/game.php?id=521214"]
[Date "2009.1.12"]
[Round "1"]
[White "Zurc"]
[Black "koshnarek"]
[Result "1-0"]
[WhiteElo "1630"]
[BlackElo "1604"]

1. e4 e5 2. Nf3 Qf6 3. Nc3 Nc6 4. Bc4 Nd4 5. Nxd4 exd4 6. Nd5 Qe5 7. d3 c6 8. f4
Qd6 9. e5 Qb8 10. Qf3 cxd5 11. Qxd5 Nh6 12. Qxd4 Nf5 13. Qd5 Nh6 14. f5 d6 15.
Bxh6 gxh6 16. Qxf7+ Kd8 17. Qf6+ Ke8 18. Bb5+ Bd7 19. Qe6+ Be7 20. f6 Qd8 21.
O-O Bxb5 22. f7+ Kf8 23. Qxh6# 1-0

[Event "Challenge"]
[Site "http://www.queenalice.com/game.php?id=528190"]
[Date "2009.1.24"]
[Round "-"]
[White "AuntieRenie"]
[Black "Zurc"]
[Result "0-1"]
[WhiteElo "1573"]
[BlackElo "1662"]

1. c4 e5 2. Nc3 Nf6 3. e4 Nc6 4. Nf3 Bc5 5. Nd5 Nxe4 6. Ne3 O-O 7. Bd3 Nd6 8.
Bb1 e4 9. Ng1 f5 10. d3 f4 11. Nd5 Qh4 12. g3 Bxf2+ 13. Kxf2 fxg3+ 14. Kg2 Rf2#
0-1

[Event "Challenge"]
[Site "http://www.queenalice.com/game.php?id=531897"]
[Date "2009.1.30"]
[Round "-"]
[White "Zurc"]
[Black "general_zod"]
[Result "1-0"]
[WhiteElo "1698"]
[BlackElo "1316"]

1. e4 e5 2. Nf3 Nc6 3. Nc3 a6 4. Bc4 h6 5. d4 exd4 6. Nxd4 Ne5 7. Be2 Nf6 8. f4
Ng6 9. e5 Nh7 10. O-O d6 11. e6 Nf6 12. Bh5 c5 13. exf7+ Kxf7 14. f5 1-0

[Event "Let's Play Chess!"]
[Site "http://www.queenalice.com/game.php?id=1002132"]
[Date "2011.10.27"]
[Round "-"]
[White "Zurc"]
[Black "ESSantos"]
[Result "0-1"]
[WhiteElo "1644"]
[BlackElo "1748"]

1. e4 e5 2. Nf3 Qf6 3. Bc4 Bc5 4. Nc3 Ne7 5. d3 d6 6. Bg5 Qg6 7. O-O Nbc6 8. Nb5
Bb6 9. Be3 O-O 10. Nh4 Qg4 11. Bxb6 Qxd1 12. Raxd1 axb6 13. Nxc7 Ra7 14. Nb5 Ra5
15. Nxd6 Be6 16. Bxe6 fxe6 17. a3 Ra7 18. Nf3 Nd4 0-1

[Event "Let's Play Chess!"]
[Site "http://www.queenalice.com/game.php?id=1002133"]
[Date "2011.10.27"]
[Round "-"]
[White "Zurc"]
[Black "Iskander"]
[Result "0-1"]
[WhiteElo "1562"]
[BlackElo "1100"]

1. e4 e5 2. Nf3 Nc6 3. Nc3 a6 4. Bc4 Bc5 5. d3 h6 6. Be3 Bxe3 7. fxe3 d6 8. O-O
Nf6 9. Bd5 Bg4 10. Bxc6+ bxc6 11. d4 Qe7 12. dxe5 dxe5 0-1

[Event "Let's Play Chess!"]
[Site "http://www.queenalice.com/game.php?id=1002358"]
[Date "2011.10.28"]
[Round "-"]
[White "Zurc"]
[Black "melquisedeque"]
[Result "0-1"]
[WhiteElo "1671"]
[BlackElo "1786"]

1. e4 c5 2. Nf3 a6 3. d4 cxd4 4. Nxd4 Nc6 5. Nc3 d6 6. Bc4 Qb6 7. Nxc6 bxc6 8.
Bb3 g6 9. Be3 Qb4 10. Qf3 Nf6 11. e5 Nd5 12. O-O-O Bg4 13. Nxd5 cxd5 0-1

[Event "Let's Play Chess!"]
[Site "http://www.queenalice.com/game.php?id=1002359"]
[Date "2011.10.28"]
[Round "-"]
[White "Zurc"]
[Black "melquisedeque"]
[Result "0-1"]
[WhiteElo "1671"]
[BlackElo "1500"]

1. e4 c5 2. Nf3 e6 3. d4 cxd4 4. Nxd4 Nc6 5. Nc3 Bc5 6. Be3 Qb6 7. Ndb5 Bxe3 8.
fxe3 Qxe3+ 9. Qe2 Qb6 10. Qd2 Nf6 11. Nd6+ Kf8 12. O-O-O e5 0-1

[Event "AUTO-INT-2182"]
[Site "http://www.queenalice.com/game.php?id=1002389"]
[Date "2011.10.28"]
[Round "1"]
[White "helderdinizcp"]
[Black "Zurc"]
[Result "1-0"]
[WhiteElo "1538"]
[BlackElo "1580"]

1. e4 e5 2. Nf3 Nc6 3. Bc4 Nf6 4. d3 d5 5. exd5 Nxd5 6. Qe2 Bc5 7. Nxe5 Nd4 8.
Nxf7+ Nxe2 9. Nxd8 Nxc1 10. Bxd5 Kxd8 11. Nc3 Nxd3+ 12. cxd3 1-0

[Event "AUTO-INT-2182"]
[Site "http://www.queenalice.com/game.php?id=1002390"]
[Date "2011.10.28"]
[Round "1"]
[White "Zurc"]
[Black "PeoN4reY"]
[Result "0-1"]
[WhiteElo "1671"]
[BlackElo "1722"]

1. e4 e5 2. Nf3 Nc6 3. d4 exd4 4. Nxd4 Nf6 5. Nxc6 bxc6 6. e5 Qe7 7. Qe2 Nd5 8.
Nd2 Nf4 9. Qe3 Nd5 10. Qe4 Nb4 11. Kd1 d5 0-1

[Event "AUTO-INT-2182"]
[Site "http://www.queenalice.com/game.php?id=1002392"]
[Date "2011.10.28"]
[Round "1"]
[White "Zurc"]
[Black "rocha"]
[Result "0-1"]
[WhiteElo "1632"]
[BlackElo "1606"]

1. e4 a6 2. Bc4 e6 3. Nc3 c6 4. d4 b5 5. Bd3 g5 6. h4 Be7 7. hxg5 Bxg5 8. Qg4 f6
9. Nf3 h6 10. Qh5+ Kf8 11. Nxg5 fxg5 12. Bxg5 Nf6 13. Qg6 Rg8 14. Qxh6+ Kf7 15.
e5 Rg7 16. Bxf6 Qg8 0-1

[Event "AUTO-INT-2182"]
[Site "http://www.queenalice.com/game.php?id=1002393"]
[Date "2011.10.28"]
[Round "1"]
[White "rocha"]
[Black "Zurc"]
[Result "1-0"]
[WhiteElo "1623"]
[BlackElo "1615"]

1. g3 a6 2. e3 d5 3. b3 e5 4. Bb2 Nc6 5. c3 Nf6 6. f3 Bd6 7. Ne2 e4 8. Bg2 Ne5
9. O-O Nxf3+ 10. Bxf3 exf3 11. Rxf3 Bg4 12. Rf2 Ne4 13. Rf1 Qg5 14. Bc1 O-O 15.
d3 1-0